000 00831nam a2200253 a 4500
001 BRL_928
005 20190320210946.0
008 241013s1951----mx-a######---#000-0#spa-#
041 _aspaengfreita
044 _amx
050 4 _aN910.M38
_b.H47 1951
100 1 _aHernández Serrano, Federico
_925349
245 1 0 _aMuseo de arte religioso
_cTextos de Federico Hernández Serrano.
260 _aMéxico, D.F.
_bEdicines de Arte
_c[1951]
300 _a64 p.
_bil.
_c16 cm.
440 0 _aColección Anahuac de arte mexicano
_v23
_925350
500 _aAu1059
500 _aTexto en: español, inglés, francés e italiano
610 2 4 _aMeseo de Arte Religioso (México)
_925351
610 2 4 _aCatedral de México
_xColecciones de arte
_92231
650 1 4 _aMuseos de arte colonial
_zMéxico
_92232
902 _aGRL
942 _2lcc
_cB
999 _c9740
_d9740